00383nam a2200157Ia 4500003000400000005001700004008004000021040000700061041001200068082001900080100002100099245004400120260003100164300000700195700002300202OSt20240808164206.0210210b1982 xxu||||| |||| 00| 0 eng d cAL aEnglish a809.88914 SAHS aSAHITYA AKADEMI. aSarvajna: Makers of Indian literature  aN DbSahitya Akademic1982 a58 aK B Prabhu Prasad.